000 01315nam a2200409 i 4500
001 40296
003 KOSZ 005
005 20220919154359.0
008 000620s2000 pl a |000 0 pol
015 _aPB 2000/12226
020 _a8391316351
040 _aWA N
_cWA N
_dKOSZ 005/HR
041 0 _apol
046 _k2000
080 _a336.221.24(438)
100 1 _aLitwińczuk, Hanna
_d(1953- )
_eAutor
245 1 0 _aPrawo podatkowe przedsiębiorców /
_cHanna Litwińczuk.
250 _aWyd. 2 zm.
260 _aWarszawa :
_b"KiK" Konieczny i Kruszewski,
_c2000.
300 _a507 s. :
_bil. ;
_c24 cm.
336 _2rdacontent
_aTekst
_btxt
337 _2rdamedia
_aBez urządzenia pośredniczącego
_bn
338 _2rdacarrier
_aWolumin
_bnc
380 _aKsiążki
388 _a1901-2000
388 _a1989-2000
490 1 _aBiblioteka Przeglądu Podatkowego.
500 _aWyd. 1 pt.: Prawo podatkowe podmiotów gospodarczych.
504 _aBibliogr.
650 4 _aPodatek
650 4 _aPrawo podatkowe
651 _aPolska
658 _aPrawo i wymiar sprawiedliwości
830 0 _aBiblioteka Przeglądu Podatkowego
856 _uhttp://koha.tu.koszalin.pl/cgi-bin/koha/opac-detail.pl?biblionumber=40296
_yKatalog online BPK
942 _2UKD
_cKS
999 _c40296
_d40296